MARC details
| 000 -CABECERA |
| campo de control de longitud fija |
00902nam a2200241 a 4500 |
| 001 - NÚMERO DE CONTROL |
| campo de control |
000019047 |
| 005 - FECHA Y HORA DE LA ÚLTIMA TRANSACCIÓN |
| campo de control |
20200929165917.0 |
| 008 - DATOS DE LONGITUD FIJA--INFORMACIÓN GENERAL |
| campo de control de longitud fija |
100524s1987 pr 000 0dspa d |
| 020 ## - NÚMERO INTERNACIONAL ESTÁNDAR DEL LIBRO |
| Número Internacional Estándar del Libro |
0865811881 |
| 040 ## - FUENTE DE LA CATALOGACIÓN |
| Centro catalogador/agencia de origen |
DO-SdBNP |
| Lengua de catalogación |
spa |
| Centro/agencia transcriptor |
BNPHU |
| 082 ## - NÚMERO DE LA CLASIFICACIÓN DECIMAL DEWEY |
| Número de clasificación |
828 |
| Número de documento/Ítem |
B562B, 1987 |
| 100 1# - ENTRADA PRINCIPAL--NOMBRE DE PERSONA |
| Nombre de persona |
Bonafoux y Quintero, Luis, |
| Fechas asociadas al nombre |
1855-1918 |
| 9 (RLIN) |
25585 |
| 245 10 - MENCIÓN DE TÍTULO |
| Título |
Betances / |
| Mención de responsabilidad, etc. |
Luis Bonafoux. |
| 250 ## - MENCIÓN DE EDICIÓN |
| Mención de edición |
3. ed. |
| 260 ## - PUBLICACIÓN, DISTRIBUCIÓN, ETC. |
| Lugar de publicación, distribución, etc. |
San Juan de Puerto Rico : |
| Nombre del editor, distribuidor, etc. |
Instituto de Cultura Puertorriquena, |
| Fecha de publicación, distribución, etc. |
1987. |
| 300 ## - DESCRIPCIÓN FÍSICA |
| Extensión |
lxxix, 394 p. ; |
| Dimensiones |
19 cm. |
| 490 0# - MENCIÓN DE SERIE |
| Mención de serie |
Biblioteca popular |
| 500 ## - NOTA GENERAL |
| Nota general |
Incluye documentos en francés |
| 600 10 - PUNTO DE ACCESO ADICIONAL DE MATERIA--NOMBRE DE PERSONA |
| Nombre de persona |
BETANCES, RAMÓN EMETERIO, |
| Fechas asociadas al nombre |
1827-1898 |
| Subdivisión general |
BIOGRAFÍA |
| 9 (RLIN) |
40982 |
| 600 10 - PUNTO DE ACCESO ADICIONAL DE MATERIA--NOMBRE DE PERSONA |
| Nombre de persona |
BETANCES, RAMÓN EMETERIO, |
| Fechas asociadas al nombre |
1827-1898 |
| Subdivisión general |
CRÍTICA E INTERPRETACIÓN |
| 9 (RLIN) |
40983 |
| 650 #4 - PUNTO DE ACCESO ADICIONAL DE MATERIA--TÉRMINO DE MATERIA |
| Término de materia o nombre geográfico como elemento de entrada |
Autores puertorriqueños |
| Subdivisión cronológica |
SIGLO XIX |
| Subdivisión general |
Biografías |
| 9 (RLIN) |
40984 |
| 650 #4 - PUNTO DE ACCESO ADICIONAL DE MATERIA--TÉRMINO DE MATERIA |
| Término de materia o nombre geográfico como elemento de entrada |
Autores puertorriqueños |
| Subdivisión general |
Crítica e interpretación |
| 9 (RLIN) |
38783 |